IN AMERICA - IL SOGNO CHE NON C'ERA (Record n. 105335)
[ formato base ]
| 000 -LEADER | |
|---|---|
| fixed length control field | 02296agaaa2200349 4500 |
| 001 - CONTROL NUMBER | |
| control field | 8875 |
| 003 - CONTROL NUMBER IDENTIFIER | |
| control field | IT-RoPAU |
| 005 - DATE AND TIME OF LATEST TRANSACTION | |
| control field | 20220918181231.0 |
| 007 - PHYSICAL DESCRIPTION FIXED FIELD--GENERAL INFORMATION | |
| fixed length control field | d cvaizq |
| 008 - FIXED-LENGTH DATA ELEMENTS--GENERAL INFORMATION | |
| fixed length control field | 50131s9999||||xx ||| | || ||und|| |
| 040 ## - CATALOGING SOURCE | |
| Original cataloging agency | IT-RoPAU |
| Transcribing agency | IT-RoPAU |
| 041 ## - LANGUAGE CODE | |
| Language code of text/sound track or separate title | ITALIANO |
| 100 ## - MAIN ENTRY--PERSONAL NAME | |
| Personal name | Sheridan Jim |
| Miscellaneous information | Codice regista SPICS: 59523 |
| 9 (RLIN) | 36672 |
| 130 ## - MAIN ENTRY--UNIFORM TITLE | |
| Uniform title | IN AMERICA - IL SOGNO CHE NON C'ERA |
| 9 (RLIN) | 40820 |
| 240 ## - UNIFORM TITLE | |
| Uniform title | EAST OF HARLEM |
| Miscellaneous information | T3790 |
| 245 ## - TITLE STATEMENT | |
| Title | IN AMERICA - IL SOGNO CHE NON C'ERA |
| Statement of responsibility, etc. | Prodotto da: Sheridan Jim -- Sceneggiatura: Sheridan Jim Sheridan Naomi Sheridan Kirsten -- Diretto da: Sheridan Jim |
| Name of part/section of a work | IN AMERICA - IL SOGNO CHE NON C'ERA (Rif. Codice opera principale : H8875) |
| 246 ## - VARYING FORM OF TITLE | |
| Title proper/short title | EAST OF HARLEM |
| 250 ## - EDITION STATEMENT | |
| Edition statement | Edizione Standard |
| 260 ## - PUBLICATION, DISTRIBUTION, ETC. (IMPRINT) | |
| Place of publication, distribution, etc. | (IRLANDA - UK) |
| Name of publisher, distributor, etc. | HELL'S KITCHEN FILM - HARLEM FILM PROD. / Distribuzione: MAGAZZINO DISP |
| Date of manufacture | "2002 (1° ed.: 2009 ; Ed. Lingua Orig.: 2002)" |
| 300 ## - PHYSICAL DESCRIPTION | |
| Extent | DVD |
| Other physical details | sonoro, col. |
| Dimensions | 101 minuti |
| 508 ## - CREATION/PRODUCTION CREDITS NOTE | |
| Creation/production credits note | "Fotografia: Quinn Declan; Montaggio: Geraghty Naomi; Musica: Friday Gavin; Sceneggiatura: Sheridan Jim Sheridan Naomi Sheridan Kirsten; Scenografia: Geraghty Mark; Soggetto: Sheridan Jim -- Sheridan Naomi" |
| 511 ## - PARTICIPANT OR PERFORMER NOTE | |
| Participant or performer note | "Morton Samantha; Considine Paddy; Houdsou Djimon; Bolger Sara; Bolger Emma; Carlton R" |
| 520 ## - SUMMARY, ETC. | |
| Summary, etc. | "L'AMERICA? UN SOGNO CHE UN BEL GIORNO DIVENTA REALTA' ANCHE PER LA GIOVANECOPPIA DI IMMIGRATI IRLANDESI E LE DUE FIGLIE CHE TENTANO DI RIFARSI UNA VITA A NEW YORK. SARANNO LE BAMBINE A SCOPRIRE CON L'INNOCENZA DELL'OCCHIO INFANTILE IL LATO MAGICO DELLA GRANDE MELA, UN'ISOLA INCANTATA DOVE TUTTO PUO' ACCADERE. E LO TRASFERIRANNO AI GENITORI CHE RITROVERANNO COSI' LA SPERANZA E IL CORAGGIO PER RICOMINCIARE A VIVERE E AD AMARE, NONOSTANTE TUTTO. CONTENUTI EXTRA: COMMENTO AUDIO DEL REGISTA; SCENE TAGLIATE; DOCUMENTARIO SUL MAKING OF DEL FILM." |
| 538 ## - SYSTEM DETAILS NOTE | |
| System details note | PAL, STEREO |
| 546 ## - LANGUAGE NOTE | |
| Language note | ITALIANO |
| 650 ## - SUBJECT ADDED ENTRY--TOPICAL TERM | |
| Topical term or geographic name as entry element | DRAMMA - ROMANTIC |
| Relator term | DVD-FILM [DVD] |
| General subdivision | Codice MATERIA SPICS: 9947 |
| 9 (RLIN) | 36786 |
| 700 ## - ADDED ENTRY--PERSONAL NAME | |
| Personal name | Friday Gavin |
| Relator term | (musica) |
| Miscellaneous information | Codice Musica SPICS: 49212 |
| 9 (RLIN) | 40821 |
| 700 ## - ADDED ENTRY--PERSONAL NAME | |
| Personal name | Sheridan Jim |
| Relator term | (regista) |
| Miscellaneous information | Codice regista SPICS: 59523 |
| 9 (RLIN) | 36672 |
| 700 ## - ADDED ENTRY--PERSONAL NAME | |
| Personal name | Sheridan Jim |
| Relator term | (soggetto) |
| Miscellaneous information | Codice Soggetto SPICS: 59523 |
| 9 (RLIN) | 40822 |
| 700 ## - ADDED ENTRY--PERSONAL NAME | |
| Personal name | Sheridan Naomi |
| Relator term | (soggetto) |
| Miscellaneous information | Codice Soggetto 2° SPICS: 59524 |
| 9 (RLIN) | 40823 |
| 942 ## - ADDED ENTRY ELEMENTS (KOHA) | |
| Koha item type | DVD |
| Source of classification or shelving scheme | Dewey Decimal Classification |
| Withdrawn status | Lost status | Damaged status | Not for loan | Home library | Current library | Date acquired | Total Checkouts | Full call number | Date last seen | Price effective from | Koha item type | Public note |
|---|---|---|---|---|---|---|---|---|---|---|---|---|
| Buone Condizioni | Not For Loan | SPICS-MEDIATECA | SPICS-MEDIATECA | 31/01/2015 | H8875 | 31/01/2015 | 31/01/2015 | DVD | Progr. Ins.: 3806 / N.Vol.:1 / Copie: 1 / Pag.:0 / Copia rara: n.d. / date import: 1.2.2015 / By Epidotti, Trombetti, Vaglietti |